00686nam a2200169 a 450000100100000000500170001000800410002704000250006808200160009310000270010924500510013626001590018730000300034604900090037695201140038599900170049900002971320200930055741.0110425s19uu dr c 000 0 spa d aDO-SdBNPbspacBNPHU axxxxbB333m1 aBatista, Gaspar95650510aManual elemental de beisbol /cGaspar Batista. aSanto Domingo :bSecretaria de Estado de Deportes, Educación Física y Recreación:bCentro de Capacitacion en Iniciacion Tecnico-Deportiva,c[19--?]. a50 p. :bretrs. ;c21 cm. aBNPD 0010718PDaPDbPDcCTd2011-04-25iLF1l0oxxxx B333mp29713-10r2020-06-25w2020-06-25yLFPDZNo se presta c29205d29205